| 000 | 01502nam a2200253Ia 4500 | ||
|---|---|---|---|
| 999 |
_c50647 _d50647 |
||
| 001 | 17597 | ||
| 003 | GE_BSU | ||
| 005 | 20200220112144.0 | ||
| 008 | 181216s2013ge xx |||||||||||||| ||geo|| | ||
| 020 | _a9789941931567 | ||
| 040 | _cGE_BSU | ||
| 041 | _ageo | ||
| 080 | _a339.37(072) კ-64 | ||
| 100 |
_aკობალავა,მარინე. _97206 |
||
| 245 |
_aსაცალო ვაჭრობა : RETAIL _bდამხმრე სახელმძღვანელო / _cმარინე კობალავა ; რედ: ავთანდილ სილაგაძე ; ანზორ აბრალავა. |
||
| 264 |
_aთბილისი : _bწიგნის სახელოსნო, _c2013. |
||
| 300 |
_a190 გვ ; _bილ ; _c20 სმ. |
||
| 653 | _aეკონომიკა | ||
| 653 | _aსაცალო ვაჭრობა | ||
| 653 | _aსახელმძღვანელოში გაშუქებულია საცალო ვაჭრობის ძირეული საკითხები და განხილულია მისი სივცობრივი განვითარების კონცეპტუალური მახასიათებლები. | ||
| 700 |
_a სილაგაძე, ვთანდილ _eრედაქტორი _97207 |
||
| 700 |
_aაბრალავა, ანზორ _eრედაქტორი _95290 |
||
| 942 |
_cBK _2udc |
||